000 00734cam a22002533a 4500
001 19256
003 PGUSA
005 20140828083416.0
008 060912s2006||||xxu|||||s|||||000 1 eng d
040 _aPGUSA
_beng
042 _adc
050 4 _aPZ
100 1 _aAbbott, Jacob,
_d1803-1879
245 1 0 _aGeorgie
_h[electronic resource] /
_cJacob Abbott
260 _bProject Gutenberg,
_c2006
506 _aPublic domain in the USA.
516 _aElectronic text
653 _aFriendship -- Juvenile fiction
653 _aCountry life -- Juvenile fiction
653 _aChildren -- Conduct of life -- Juvenile fiction
830 0 _aProject Gutenberg
_v19256
856 4 0 _uhttp://www.gutenberg.org/ebooks/19256
942 _cEB
999 _c248511
_d248511